000 00364 a2200157 4500
001 151520
040 _cEscola São Tomás de Aquino
100 _aSANT'ANNA, Eliana
240 1 0 _aChapeuzinho e o Johny Mau
_lpor
245 1 0 _aChapeuzinho e o Johny Mau
300 _a32
362 0 _a2002
440 1 _aMiguilim
697 _a*LITERATURA INFANTO
942 _cBK
999 _c151520
_d151520